Sports Quiz

Random Sports or Football Quiz

Bowl Stadium Tenants Quiz Stats

 Plays Quiz not verified by Sporcle

Challenge
Share
Tweet
Embed
Score 0/18 Timer 03:00
0 Plays Today
Bowl name College tenant % Correct
POTATOBoise State Broncos
99.1%
HAWAIIHawaii Warriors
98.6%
NEW MEXICONew Mexico Lobos
97.3%
LAS VEGASUNLV Rebels
97.3%
ROSEUCLA Bruins
95.9%
ORANGEMiami Hurricanes
95%
POINSETTIASan Diego State Aztecs
94.6%
HOLIDAYSan Diego State Aztecs
94.6%
INSIGHTArizona State Sun Devils
94.6%
Bowl name College tenant % Correct
OUTBACKSouth Florida Bulls
89.6%
SUNUTEP Miners
88.3%
LIBERTYMemphis Tigers
84.7%
ALAMOUTSA Roadrunners
82.4%
COMPASSUAB Blazers
77.5%
CHICK-FIL-AGeorgia State Panthers
73%
ARMED FORCESTCU Horned Frogs
62.6%
GODADDY.COMSouth Alabama Jaguars
41%
MUSIC CITYTennessee State Tigers
36.5%

You're not logged in!

Compare scores with friends on all Sporcle quizzes.
Join for Free
OR
Log In

You Might Also Like...

Show Comments

Extras

Top Quizzes Today


Score Distribution

Your Account Isn't Verified!

In order to create a playlist on Sporcle, you need to verify the email address you used during registration. Go to your Sporcle Settings to finish the process.

Report this User

Report this user for behavior that violates our Community Guidelines.

Details: